Catholic University of Zimbabwe Library
Online Public Access Catalogue
(OPAC)

Denis Diderot's Rameau's Nephew (Record no. 29098)

MARC details
000 -LEADER
fixed length control field 04317nam a2200517 i 4500
001 - CONTROL NUMBER
control field xb21058878
006 - FIXED-LENGTH DATA ELEMENTS--ADDITIONAL MATERIAL CHARACTERISTICS
fixed length control field m d
007 - PHYSICAL DESCRIPTION FIXED FIELD--GENERAL INFORMATION
fixed length control field cr n
008 - FIXED-LENGTH DATA ELEMENTS--GENERAL INFORMATION
fixed length control field 141118t20142014enka sb 000 0 eng d
020 ## - INTERNATIONAL STANDARD BOOK NUMBER
International Standard Book Number 9781783740093
Qualifying information (pdf)
020 ## - INTERNATIONAL STANDARD BOOK NUMBER
International Standard Book Number 9781783740109
Qualifying information (epub)
020 ## - INTERNATIONAL STANDARD BOOK NUMBER
International Standard Book Number 9781783740116
Qualifying information (mobi)
020 ## - INTERNATIONAL STANDARD BOOK NUMBER
Canceled/invalid ISBN 9781783740079 (Paperback)
020 ## - INTERNATIONAL STANDARD BOOK NUMBER
Canceled/invalid ISBN 9781783740086 (Hardback)
035 ## - SYSTEM CONTROL NUMBER
System control number (OCoLC)953568806
040 ## - CATALOGING SOURCE
Original cataloging agency StSaUL
Language of cataloging eng
Description conventions rda
041 1# - LANGUAGE CODE
Language code of text/sound track or separate title eng
Language code of original fre
100 1# - MAIN ENTRY--PERSONAL NAME
Personal name Diderot, Denis,
Dates associated with a name 1713-1784,
Relator term author.
240 10 - UNIFORM TITLE
Uniform title Neveu de Rameau.
Language of a work English
245 00 - TITLE STATEMENT
Title Denis Diderot's Rameau's Nephew
Medium [electronic resource] :
Remainder of title a multi-media edition /
Statement of responsibility, etc. edited by Marian Hobson ; translated by Kate E. Tunstall and Caroline Warman ; music researched and played by the Conservatoire national supérieur de musique et de danse de Paris under the direction of Pascal Duc.
246 30 - VARYING FORM OF TITLE
Title proper/short title Rameau's Nephew
264 #1 - PRODUCTION, PUBLICATION, DISTRIBUTION, MANUFACTURE, AND COPYRIGHT NOTICE
Name of producer, publisher, distributor, manufacturer Open Book Publishers,
300 ## - PHYSICAL DESCRIPTION
Extent 1 online resource (xxvi, 148 pages) :
Other physical details illustrations (some colour)
500 ## - GENERAL NOTE
General note Available through Open Book Publishers.
504 ## - BIBLIOGRAPHY, ETC. NOTE
Bibliography, etc. note Includes bibliographical references.
505 0# - FORMATTED CONTENTS NOTE
Formatted contents note Contributors -- List of Illustrations -- List of Musical Pieces -- Acknowledgments -- Preface -- Rameau's Nephew -- Notes.
506 ## - RESTRICTIONS ON ACCESS NOTE
Terms governing access Open access resource providing free access.
520 ## - SUMMARY, ETC.
Summary, etc. "In a famous Parisian chess café, a down-and-out, HIM, accosts a former acquaintance, ME, who has made good, more or less. They talk about chess, about genius, about good and evil, about music, they gossip about the society in which they move, one of extreme inequality, of corruption, of envy, and about the circle of hangers-on in which the down-and-out abides. The down-and-out from time to time is possessed with movements almost like spasms, in which he imitates, he gestures, he rants. And towards half past five, when the warning bell of the Opera sounds, they part, going their separate ways. Probably completed in 1772-73, Denis Diderot's Rameau's Nephew fascinated Goethe, Hegel, Engels and Freud in turn, achieving a literary-philosophical status that no other work by Diderot shares. This interactive, multi-media, colour edition offers a brand new translation of Diderot's famous dialogue, and it also gives the reader much more. Portraits and biographies of the numerous individuals mentioned in the text, from minor actresses to senior government officials, enable the reader to see the people Diderot describes, and provide a window onto the complex social and political context that forms the backdrop to the dialogue. Links to musical pieces specially selected by Pascal Duc and performed by students of the Conservatoire national supérieur de musique, Paris, illuminate the wider musical context of the work, enlarging it far beyond its now widely understood relation to opéra comique."--Publisher's website.
530 ## - ADDITIONAL PHYSICAL FORM AVAILABLE NOTE
Additional physical form available note The PDF and epub editions of this book contain embedded audio files. If your device supports MP3 files you will be able to listen to the music directly. Alternatively, you can access the music online by following the links or scanning the QR codes provided.
538 ## - SYSTEM DETAILS NOTE
System details note Mode of access: World Wide Web.
540 ## - TERMS GOVERNING USE AND REPRODUCTION NOTE
Terms governing use and reproduction All musical recordings have been released under a CC BY license and their copyright belongs to the Conservatoire national supérieur de musique et de danse de Paris.
540 ## - TERMS GOVERNING USE AND REPRODUCTION NOTE
Terms governing use and reproduction The text and the music are licensed under a Creative Commons Attribution 4.0 International license (CC BY 4.0). For more detailed information consult the publisher's website.
546 ## - LANGUAGE NOTE
Language note Translated from the French.
600 10 - SUBJECT ADDED ENTRY--PERSONAL NAME
Personal name Diderot, Denis,
Dates associated with a name 1713-1784.
Title of a work Neveu de Rameau.
700 1# - ADDED ENTRY--PERSONAL NAME
Personal name Hobson, Marian,
Relator term editor.
700 1# - ADDED ENTRY--PERSONAL NAME
Personal name Tunstall, Kate E.,
Relator term translator.
700 1# - ADDED ENTRY--PERSONAL NAME
Personal name Warman, Caroline,
Relator term translator.
710 2# - ADDED ENTRY--CORPORATE NAME
Corporate name or jurisdiction name as entry element Conservatoire national supérieur de musique et de danse de Paris,
Relator term performer.
710 2# - ADDED ENTRY--CORPORATE NAME
Corporate name or jurisdiction name as entry element Open Book Publishers,
Relator term publisher.
856 40 - ELECTRONIC LOCATION AND ACCESS
Uniform Resource Identifier <a href="http://doi.org/10.11647/OBP.0044">http://doi.org/10.11647/OBP.0044</a>
Public note Connect to e-book
856 42 - ELECTRONIC LOCATION AND ACCESS
Uniform Resource Identifier <a href="http://www.openbookpublishers.com/shopimages/products/cover/216 ">http://www.openbookpublishers.com/shopimages/products/cover/216 </a>
Public note Connect to cover image
Holdings
Withdrawn status Lost status Source of classification or shelving scheme Damaged status Not for loan Home library Current library Shelving location Date acquired Total Checkouts Date last seen Uniform Resource Identifier Price effective from Koha item type
          Digital Library Digital Library Online Access 15.02.2021   15.02.2021 http://doi.org/10.11647/OBP.0044 15.02.2021 eBook

OPENING HOURS

Weekdays: 0815hrs - 1800hrs
Weekends:0900hrs - 1200hrs

Closed for Mass:

Mon, Thur: 1200hrs - 1300hrs
Sunday & Public Holiday’s

CALL SUPPORT

0242-570570, 0242-570169
09200664, +263 8644140602

LOCATION

18443, Cranborne Avenue, Hatfield, Harare

Other Links


©2021 | CUZ Library